Social planning strategies in Southeast Asia : current approaches to planned development in four nations /
Saved in:
| Main Author: | |
|---|---|
| Format: | Thesis Book |
| Language: | English |
| Published: |
Singapore,
1974.
|
| Subjects: | |
| Tags: |
Add Tag
No Tags, Be the first to tag this record!
|
| LEADER | 02408cam a2200397 a 4500 | ||
|---|---|---|---|
| 001 | u140335 | ||
| 003 | SIRSI | ||
| 008 | 920207s1974 si v 00 1 eng | ||
| 035 | |a AAQ-2175 | ||
| 040 | |a UMM | ||
| 043 | |a as----- | ||
| 090 | |a HN666 |b Cho |c f |d Closed stacks | ||
| 091 | |a Microfiche 1085 | ||
| 100 | 1 | 0 | |a Chong, Li Choy. |
| 245 | 1 | 0 | |a Social planning strategies in Southeast Asia : |b current approaches to planned development in four nations / |c Chong Li Choy. |
| 260 | |a Singapore, |c 1974. | ||
| 300 | |a x, 243 leaves ; |c 31cm. | ||
| 502 | |a Dissertation (M.Soc.Sc.) -- University of Singapore, 1974. | ||
| 504 | |a Bibliography: leaves 221-243. | ||
| 651 | 0 | |a Asia, Southeastern |x Social policy. | |
| 651 | 0 | |a Asia, Southeastern |x Social conditions. | |
| 948 | |a 10/02/1992 |b 31/05/2002 | ||
| 596 | |a 1 | ||
| 999 | |a F HN666 CHO |w LC |c 1 |i A002675752 |d 29/8/1998 |l STACKS |m P01UTAMA |n 2 |r Y |s Y |t TESIS |u 11/2/1992 | ||
| 999 | |a MICROFICHE 1085 - FICHE 1 OF 5 |w LC |c 1 |i A517282715 |f 27/12/2018 |g 1 |l MIKROFICHE |m P01UTAMA |r Y |s Y |t MIKROFIS |u 27/12/2018 | ||
| 999 | |a MICROFICHE 1085 - FICHE 1 OF 5 |w LC |c 2 |i A517282729 |f 27/12/2018 |g 1 |l MIKROFICHE |m P01UTAMA |r Y |s Y |t MIKROFIS |u 27/12/2018 | ||
| 999 | |a MICROFICHE 1085 - FICHE 2 OF 5 |w LC |c 1 |i A517282732 |f 27/12/2018 |g 1 |l MIKROFICHE |m P01UTAMA |r Y |s Y |t MIKROFIS |u 27/12/2018 | ||
| 999 | |a MICROFICHE 1085 - FICHE 2 OF 5 |w LC |c 2 |i A517282746 |f 27/12/2018 |g 1 |l MIKROFICHE |m P01UTAMA |r Y |s Y |t MIKROFIS |u 27/12/2018 | ||
| 999 | |a MICROFICHE 1085 - FICHE 3 OF 5 |w LC |c 1 |i A517282750 |f 27/12/2018 |g 1 |l MIKROFICHE |m P01UTAMA |r Y |s Y |t MIKROFIS |u 27/12/2018 | ||
| 999 | |a MICROFICHE 1085 - FICHE 3 OF 5 |w LC |c 2 |i A517282763 |f 27/12/2018 |g 1 |l MIKROFICHE |m P01UTAMA |r Y |s Y |t MIKROFIS |u 27/12/2018 | ||
| 999 | |a MICROFICHE 1085 - FICHE 4 OF 5 |w LC |c 1 |i A517282777 |f 27/12/2018 |g 1 |l MIKROFICHE |m P01UTAMA |r Y |s Y |t MIKROFIS |u 27/12/2018 | ||
| 999 | |a MICROFICHE 1085 - FICHE 4 OF 5 |w LC |c 2 |i A517282785 |l MIKROFICHE |m P01UTAMA |r Y |s Y |t MIKROFIS |u 27/12/2018 | ||
| 999 | |a MICROFICHE 1085 - FICHE 5 OF 5 |w LC |c 1 |i A517282794 |f 27/12/2018 |g 1 |l MIKROFICHE |m P01UTAMA |r Y |s Y |t MIKROFIS |u 27/12/2018 | ||
| 999 | |a MICROFICHE 1085 - FICHE 5 OF 5 |w LC |c 2 |i A517282803 |f 27/12/2018 |g 1 |l MIKROFICHE |m P01UTAMA |r Y |s Y |t MIKROFIS |u 27/12/2018 | ||
| 999 | |a MICROFICHE 1085 |w LC |c 1 |i A517283145 |f 28/12/2018 |g 1 |l MIKROFILM |m P01UTAMA |r Y |s Y |t CD |u 28/12/2018 | ||
| 999 | |a MICROFICHE 1085 |w LC |c 2 |i A517283154 |f 28/12/2018 |g 1 |l MIKROFILM |m P01UTAMA |r Y |s Y |t CD |u 28/12/2018 | ||
